000 01210nam a2200325 a 4500
001 000110922
003 CHAP
005 20220329144151.0
008 141024s2014 mx a fsm |||||||spa d
010 _a107384
011 _a108356
040 _cCHAP
090 _aTesis
100 1 _aGonzález Fernández, José Manuel
_9128683
245 1 0 _aCaracterización de 39 variedades de salvia ornamental (Salvia sp.)
_h[En línea]
_cpor José Manuel González Fernández y Raúl Juárez Salvador.
260 _aChapingo, Méx. :
_bEl autor,
_c2014.
500 _aPara ver el contenido del material haga clic en la liga
502 _aTesis (Ing. Agr. Esp. en Fitotecnia) -- UACH. Departamento de Fitotecnia
590 _aE11695DGD
_b10
_c20141027
_lUCH01
_h0827
590 _aE5995AHE
_b05
_c20141024
_lUCH01
_h0913
590 _aE5995AHE
_b05
_c20141024
_lUCH01
_h0917
650 1 4 _aPlantas ornamentales
_xIdentificación.
_989068
650 1 4 _aPlantas ornamentales
_xRendimiento.
_989075
650 1 4 _aSalvia officinalis.
_9101875
700 1 _aJuárez Salvador, Raúl
_9128684
856 _aFinding aid
_uhttp://10.13.5.2/tesis/sist110922.pdf
_zTeclea aquí
901 _aBK
942 _cTESIS
942 _n0
999 _c107384
_d107384